[Event "Rubinstein Memorial 32nd"]
[Site "Polanica Zdroj"]
[Date "1995.??.??"]
[Round "11"]
[White "Topalov, Veselin"]
[Black "Krasenkow, Michal"]
[Result "0-1"]
[WhiteElo "2640"]
[BlackElo "2590"]
[Annotator "Krasenkow,M"]
[PlyCount "62"]
[EventDate "1995.08.??"]
[EventType "tourn"]
[EventRounds "11"]
[EventCountry "POL"]
[EventCategory "14"]
[SourceTitle "CBM 049"]
[Source "ChessBase"]
[SourceDate "1995.12.01"]
[SourceVersion "1"]
[SourceVersionDate "1995.12.01"]
[SourceQuality "1"]

1. e4 {Dolmatov Horvath,T} c5 2. Nf3 Nc6 3. d4 cxd4 4. Nxd4 Nf6 5. Nc3 e5 6.
Ndb5 d6 7. Bg5 a6 8. Na3 b5 9. Bxf6 gxf6 10. Nd5 f5 11. c3 Bg7 12. exf5 Bxf5
13. Nc2 Be6 (13... O-O {Dolmatov} 14. Nce3 Be6 15. Bd3 f5 16. Bc2 b4 $2 (16...
f4 17. Qh5 Rf7 $13) 17. O-O bxc3 18. bxc3 $16 {Topalov,V-Illeskas Cordoba,M/
Alcobendas/1994/}) (13... Ne7 {Dolmatov} 14. Bd3 Be6 15. Be4 $14) 14. g3 O-O
15. Bg2 a5 (15... Rb8 {Horvath,T Short-Kramnik/CBM/}) 16. O-O f5 $1 $146 (16...
Rb8) 17. Qh5 {Fritz 3 empfehlt hier als besser für Weiß 17.Nf4.Nach meiner
Meinung ist diese Bewertung ist falsch:} (17. Nf4 exf4 18. Bxc6 fxg3 $13 (18...
fxg3 {Horvath,T} 19. Bxa8 (19. hxg3 f4 $1 20. Bd5 Bxd5 21. Qxd5+ Kh8 {Schwarz
hat mindestens genug kompensation für geopferte Qualität.}) 19... gxh2+ 20.
Kxh2 Qxa8)) (17. Re1 Rc8 $5) (17. a4 b4 $1 (17... bxa4 {Horvath,T} 18. Rxa4 Rb8
19. b4 axb4 20. Ncxb4 Nxb4 21. cxb4 Kh8 $13)) (17. Qd2 $5) (17. Ndb4 {Horvath,T
} axb4 (17... Nxb4 18. Bxa8 Nxc2 (18... Qxa8 $5 19. cxb4 (19. Qxd6 $2 Qd5 $19)
19... d5 $44) 19. Bd5 Nd4 $1 20. Bg2 $1 Bc4 $10) 18. Bxc6 bxc3 $6 19. Bxa8 Qxa8
20. Qxd6 Bc4 21. bxc3 Bxf1 22. Qe6+ Kh8 23. Rxf1 $16) 17... b4 $1 18. Nce3 (18.
cxb4 axb4 19. Ncxb4 Nxb4 20. Nxb4 e4 $15) 18... bxc3 19. bxc3 Kh8 20. Rad1 Rb8
(20... Rc8 $6 21. Bh3) 21. Bh3 (21. f4 $5 {Dolmatov} e4 22. g4 $5 Bf7 (22...
fxg4 $6 23. Bxe4 $16) 23. Qxf5 Bg6 24. Qg5 Qxg5 25. fxg5 Ne5 26. h4 $16) 21...
Qd7 22. f4 e4 23. Kh1 $2 (23. Rd2 $13) (23. Rf2 $13) (23. Rb1 $142 $10 {
Horvath,T}) (23. Rd2 $5 {Dolmatov} Rb5 (23... Ne7 $2 24. Nxe7 Qxe7 25. Nxf5 $16
) 24. Rfd1 $14) 23... Rb2 24. Nc4 $2 (24. a4 $8 Ra2 $15) 24... Rxa2 25. Nde3 (
25. Nxd6 Bd4 $1 (25... Nd4 $1 26. Ne3 (26. cxd4 Bxd5 (26... Bxd5 $1 {Horvath,T}
27. Bxf5 Rxf5 28. Qxf5 Qxf5 29. Nxf5 e3+ $19)) 26... Nf3 27. Bg2 Nd2 28. Ndc4
Bxc3 $19 {Topalov}) 26. cxd4 Bxd5 27. Qh6 Qe7 $19) (25. Ndb6 Qc7 26. Rxd6 Bxc4
27. Nxc4 Ne7 28. Re6 Qd7 $1 29. Rd6 (29. Rxe7 Qxe7 30. Bxf5 Bxc3 31. Rd1 Ra1
32. Rxa1 Bxa1 33. Nxa5 e3 $19) 29... Qc8 30. Ne3 Qxc3 31. Bxf5 Nxf5 32. Nxf5
Qc5 33. g4 e3 $19) 25... Bf7 $1 (25... d5 26. Nb6) (25... Bxc4 26. Nxc4 d5 27.
Nb6 Qb7 $140 $2 28. Bxf5 $1 Rxf5 29. Qxf5 Qxb6 30. Qc8+ $18) 26. Qg5 (26. Bxf5
Bxh5 27. Bxd7 Bxd1 28. Rxd1 Ne7 29. Nxd6 Bxc3 30. Nxe4 Re2 31. Nxc3 Rxe3 $19) (
26. Qxf5 $2 {Dolmatov} Qxf5 27. Bxf5 Bxc4 $17) 26... Bxc4 (26... h6 $6 {
Dolmatov} 27. Bxf5 hxg5 28. Bxd7 Nb8 29. Bg4 $14) 27. Nxc4 d5 28. Ne5 (28. Nb6
Qb7) (28. Ne3 Ne7 (28... Ne7 {Horvath,T} 29. Nxd5 (29. g4 {Dolmatov} Bxc3 30.
gxf5 Bf6 31. Qh6 $13) 29... Nxd5 30. c4 Qb7 31. cxd5 Qb2 $19)) 28... Qe6 $1 (
28... Nxe5 $2 {Dolmatov} 29. fxe5 Qb5 30. Rxf5 $1 $40) 29. g4 $4 (29. Rb1 Nxe5
30. fxe5 Qg6 31. Qe7 (31. Rxf5 Rxf5 32. Qxf5 Qxf5 33. Bxf5 Bxe5 $19) 31... Qh6
32. Rb7 Rg8 33. Bg2 Qd2 34. Rg1 e3 $19) 29... Bxe5 30. fxe5 Qxe5 31. Bg2 f4 (
31... f4 {Dolmatov} 32. Qxe5+ Nxe5 33. Rxd5 f3 $19) 0-1

[Event "Reggio Emilia 9697 39th"]
[Site "Reggio Emilia"]
[Date "1996.12.31"]
[Round "6"]
[White "Krasenkow, Michal"]
[Black "Bologan, Viktor"]
[Result "1-0"]
[WhiteElo "2605"]
[BlackElo "2600"]
[Annotator "Huzman,A"]
[PlyCount "71"]
[EventDate "1996.12.26"]
[EventType "tourn"]
[EventRounds "9"]
[EventCountry "ITA"]
[EventCategory "11"]
[SourceTitle "CBM 057"]
[Source "ChessBase"]
[SourceDate "1997.04.01"]
[SourceVersion "1"]
[SourceVersionDate "1997.04.01"]
[SourceQuality "1"]

1. Nf3 {Krasenkow,M} Nf6 2. d4 g6 3. c4 Bg7 4. Nc3 O-O 5. e4 d6 6. Be2 e5 7.
O-O Nc6 8. d5 Ne7 9. b4 Nh5 10. Re1 Nf4 11. Bf1 a5 12. bxa5 (12. Ba3 Bg4 13.
Re3) 12... c5 (12... Rxa5 $142 {Krasenkow,M}) 13. a4 (13. Nb5 Rxa5 14. a4 Ra6
15. Ra3 h6 16. Bxf4 exf4 17. e5 Nf5 18. Bd3 dxe5 19. Nxe5 Qa5 20. Nf3 Bd7 $13 {
0-1 Dimopoulos,G-Georgiev,K/8th Open, Ano Liosia GRE 1997 (41)}) 13... f5 $6 {
The black commite typical break in the centre,after which the white have
passed pawn d,becides the black bishop on c8 will be limited by his own pawn
f5.} (13... h6 {Krasenkow,M} 14. Nd2 $14) (13... Rxa5 $142 $13) 14. Bxf4 exf4 (
14... fxe4 15. Bxe5 (15. Nxe4 Rxf4 (15... exf4 16. Rb1 {/\17.Rb6,17.Neg5} h6
17. Rb6 Nf5 18. Qd2 $16) 16. Nfg5 $14) 15... exf3 16. Bxg7 Kxg7 17. g3 $14 (17.
g3 Nf5 18. Nb5 Bd7 19. Ra3 Rxa5 20. Rxf3 Bxb5 21. cxb5 Nd4 22. Rfe3 $16)) 15.
e5 (15. exf5) 15... dxe5 (15... Re8 {Krasenkow,M} 16. Nb5 dxe5 17. Nxe5 Nxd5 $2
18. Qxd5+ Qxd5 19. cxd5 Rxe5 (19... Bxe5 20. Nc7 Bxa1 21. Rxe8+ Kf7 22. d6 $18)
20. Rxe5 Bxe5 21. Re1 Bf6 22. Re8+ Kg7 23. Nd6 $18 {Bologan,V}) (15... g5 16.
Nxg5 dxe5 17. d6 Ng6 18. Qd5+ $18) 16. Nxe5 {o^d5} Kh8 (16... g5 {Krasenkow,M}
17. d6 Nc6 (17... Ng6 18. Qd5+ Kh8 19. Nf7+ Rxf7 20. Qxf7) 18. Qd5+ Kh8 19.
Nf7+ Rxf7 20. Qxf7 $18) (16... Rxa5 17. d6) 17. Nb5 Rxa5 (17... g5 {Krasenkow,M
} 18. Qh5 $18) (17... Ng8 {Krasenkow,M} 18. Ra3 Nf6 19. Rh3 Kg8 20. Nd3 $18 {
Bologan,V}) 18. Ra3 $5 {/\19.Rd3,20.d6 /\ 19.Nd3} Bxe5 (18... Ng8 {Krasenkow,M}
19. Rh3 Bxe5 20. Rxe5 $18) 19. Rxe5 Nc6 20. Re2 (20. Re1 Nb4 {In some variants
the black have an additional idea Nc2}) 20... Nb4 (20... Rxb5 {Krasenkow,M} 21.
axb5 Nd4 22. Rd2 $18) 21. d6 {/\22.Re7} (21. Qa1+ {Krasenkow,M} Kg8 22. Qe5 $18
) 21... Rf7 (21... Kg8 $142 {Krasenkow,M Bologan,V}) 22. Qa1+ $1 Kg8 23. Qe5 b6
24. Qxf4 $18 Bd7 (24... g5 {Krasenkow,M} 25. Rg3 h6 26. h4 Rg7 27. hxg5 hxg5
28. Re7 $3 gxf4 29. Rgxg7+ Kh8 30. Rh7+ Kg8 31. Reg7+ Kf8 32. Rh8+ Kxg7 33.
Rxd8 $18) 25. h4 Qf6 26. g3 $1 Ra8 27. Bg2 Rd8 28. Nc7 {The black pieces are
fully paralized and the decisive penetrate of the white pieces begins. /\29.Nd5
} Bc6 29. Re6 (29. Bxc6 {Krasenkow,M} Nxc6 $132) 29... Qb2 (29... Qd4 {
Krasenkow,M} 30. Qxd4 cxd4 31. Rb3 Bxg2 32. Kxg2 Nc2 33. Rxb6 d3 34. c5 d2 35.
Rb1 $18) 30. Rae3 Rf6 (30... Bxa4 {Krasenkow,M} 31. Re7 Qd4 32. Qh6 $18) (30...
Qc1+ {Krasenkow,M} 31. Kh2 Bxg2 32. Kxg2 $18) (30... Qa1+ {Krasenkow,M} 31. Re1
Qxa4 32. Qh6 $18) 31. Qh6 Rxe6 32. Nxe6 Re8 33. Bxc6 Qc1+ (33... Nxc6 {
Krasenkow,M} 34. Ng5 $18) 34. Kg2 (34. Kh2 {Krasenkow,M} Rxe6 35. Bd5 Nxd5 36.
d7 $138 {1-0 Krasenkow,M-Bologan,V/Reggio9697 1996/57/[Krasenkow,M]}) 34...
Rxe6 35. Bd5 (35. Rxe6 {Krasenkow,M} Qxh6 36. d7 Kf7 (36... Qf8 37. Bd5 $18 (
37. Bb5 $18)) (36... Nxc6 37. Rxc6 $18) 37. d8=Q Kxe6 38. Qxb6 $18) 35... Nxd5
36. d7 1-0

[Event "New York op"]
[Site "New York"]
[Date "1997.??.??"]
[Round "?"]
[White "Krasenkow, Michal"]
[Black "Morozevich, Alexander"]
[Result "1-0"]
[WhiteElo "2615"]
[BlackElo "2595"]
[Annotator "Krasenkow,M"]
[PlyCount "91"]
[EventDate "1997.04.02"]
[EventType "swiss"]
[EventRounds "9"]
[EventCountry "USA"]
[SourceTitle "CBM 057 Extra"]
[Source "ChessBase"]
[SourceDate "1997.05.01"]
[SourceVersion "1"]
[SourceVersionDate "1997.05.01"]
[SourceQuality "1"]

1. Nf3 Nf6 2. c4 e6 3. d4 d5 4. Nc3 dxc4 5. e3 a6 6. Bxc4 c5 7. dxc5 Qxd1+ 8.
Kxd1 Bxc5 $11 9. a3 (9. Bd3 {-Inf.43/476}) 9... Nbd7 10. Ke2 b6 11. b4 Be7 12.
Bb2 Bb7 13. Rhd1 O-O 14. Rac1 b5 (14... a5 15. bxa5 Rxa5 16. Nb5 Bd5 17. Nfd4
$11) 15. Bd3 $6 (15. Bb3 a5 $5) 15... Nb6 16. Nb1 Na4 17. Be5 $6 (17. Bd4 Nd5
18. Nfd2 $11) 17... Rac8 18. Nc3 Nb2 $6 (18... Nb6 $1 19. Nb1 $1 $11) 19. Nd5
Nxd5 20. Bxb2 $11 g6 21. Nd2 f6 22. Nb3 e5 $6 (22... Rxc1 23. Rxc1 Rc8 $11) 23.
Na5 Ba8 24. Bc2 Nb6 25. Bb3+ Kg7 26. g4 (26. Be6 Rxc1 27. Rxc1 Bd6 $11 (27...
Bxg2 $6)) 26... Rxc1 27. Rxc1 Rc8 28. Rxc8 Nxc8 29. g5 fxg5 $6 (29... Nb6 $11)
30. Bxe5+ Bf6 31. Bxf6+ Kxf6 32. Bc2 $14 g4 $6 (32... Nd6 33. Nb3 Nc4 34. Bd3
Nxa3 35. Nc5 $14) 33. Nb3 Nd6 34. Nc5 Bb7 35. a4 $1 {/\36.a5+/-xa6} bxa4 36.
Bxa4 {x37.Bd7,38.Nxb7 Nxb7 39.Bc8} Bf3+ $2 (36... Bc8 37. Bd7 Bxd7 38. Nxd7+
Ke6 (38... Ke7 39. Nc5) 39. Nf8+ Kf7 40. Nxh7 Ne4 41. Kd3 Nxf2+ 42. Kd4 $16)
37. Ke1 Kg5 38. Nxa6 Kh4 39. Kf1 Ne4 40. Bb5 Ng5 (40... Kh3 41. Kg1 {/\42.Bf1+}
) 41. Nc5 Bd5 42. Be2 Ne4 (42... Nf3 43. Bxf3 gxf3 44. Kg1 Bc6 45. Ne6 Kg4 46.
Nd4 Be4 47. b5 $18) 43. Nxe4 Bxe4 44. b5 Kg5 45. b6 Bb7 46. Kg1 {/\Bf1-g2} 1-0

[Event "EU-chT (Men) 11th"]
[Site "Pula"]
[Date "1997.05.??"]
[Round "1.1"]
[White "Krasenkow, Michal"]
[Black "Timman, Jan H"]
[Result "1-0"]
[WhiteElo "2615"]
[BlackElo "2630"]
[Annotator "Lutz,C"]
[PlyCount "75"]
[EventDate "1997.05.05"]
[EventType "team-swiss"]
[EventRounds "9"]
[EventCountry "CRO"]
[SourceTitle "CBM 057 Extra"]
[Source "ChessBase"]
[SourceDate "1997.05.01"]
[SourceVersion "1"]
[SourceVersionDate "1997.05.01"]
[SourceQuality "1"]
[WhiteTeam "Poland"]
[BlackTeam "Netherlands"]
[WhiteTeamCountry "POL"]
[BlackTeamCountry "NED"]

1. d4 {Krasenkow} d5 2. c4 c6 3. Nc3 Nf6 4. e3 e6 5. Nf3 Nbd7 6. Bd3 dxc4 7.
Bxc4 b5 8. Bd3 Bb7 9. O-O a6 10. e4 c5 11. d5 Qc7 12. b3 $5 {Eine
ungebräuchliche Alternative zu 12.Bc2 und 12.dxe6.} Be7 13. a4 (13. Bg5 O-O 14.
Re1 Ne5 15. Nxe5 $2 Qxe5 16. Qd2 Nxd5 $1 17. exd5 Qxg5 18. Qxg5 Bxg5 $17 {
0-1 Dreev,A-Onischuk,A/Alushta4 1994 (62)}) 13... exd5 (13... c4 {Krasenkow
-Inf.68/398}) 14. Nxd5 Nxd5 15. exd5 O-O 16. axb5 axb5 17. Rxa8 Rxa8 18. Bxb5
Nf6 19. Bb2 (19. Bc4 {Krasenkow} Rd8 $11 {/\20...Bxd5}) 19... Nxd5 $11 20. Re1
Bf6 21. Ne5 Rd8 (21... Nf4 $6 {Krasenkow} 22. Bc4 Rf8 $140 $2 23. Nxf7 $1 Bxb2
(23... Nxg2 24. Qh5 $1 $18) 24. Ng5+ Kh8 25. Qc2 $18) 22. Qc1 h6 23. Bc4 Re8
24. f4 {Schwächt die Diagonale b7-g2, aber anders war die Spannung nicht mehr
aufrecht zu halten} (24. Nd3 $11) 24... Bxe5 (24... Re7 $1 $11 {Krasenkow}) 25.
fxe5 {<->f} Qc6 {[%csl Rg2][%cal Yb7g2]} 26. Rf1 Re7 (26... Nf4 $2 {Krasenkow}
27. Bxf7+ Kh8 28. Qd2 Nh3+ 29. Kh1 $18) (26... Ne3 $2 {Krasenkow} 27. Bxf7+ Kh8
28. Rf3 $18) 27. Rf3 g5 $2 {Dieser Zug erscheint mir überoptimistisch.} (27...
Nb6 $5 $11) (27... Nb6 $14 {Krasenkow}) 28. Rg3 Kf8 29. h4 (29. Qc2 $1 {
Krasenkow} Nf4 30. Qh7 $16) 29... gxh4 (29... Nf4 30. hxg5 hxg5 (30... Nh3+ {
Krasenkow} 31. Kh2 Nxg5 32. Qf4 $16) 31. Rxg5 Nxg2 (31... Nh3+ 32. gxh3 Qh1+
33. Kf2 Qf3+ 34. Ke1 Qh1+ 35. Bf1) 32. e6 $5 $40) 30. Bxd5 Qxd5 31. Qxh6+ Ke8
32. Qxh4 {Weiß hat einen Mehrbauern und Drohungen gegen den schwarzen König.
Der Rest der Partie ist wahrscheinlich durch Zeitnot entstellt.} Kd7 33. Bc3 (
33. b4 $1 {Krasenkow} cxb4 34. Rg4 (34. Qxb4 $40) 34... Qc5+ 35. Kh2 $16) 33...
Re8 (33... Qxb3 {Krasenkow}) 34. b4 cxb4 35. Qxb4 Qd1+ 36. Be1 Bc6 (36... Qd5 {
Krasenkow}) 37. Rg4 Qe2 $2 (37... Kc8 $142) (37... Kc8 $14 {Krasenkow}) 38.
Qd6+ 1-0

[Event "Bundesliga 9798"]
[Site "Germany"]
[Date "1997.11.08"]
[Round "3.1"]
[White "Krasenkow, Michal"]
[Black "Shirov, Alexei"]
[Result "1-0"]
[WhiteElo "2645"]
[BlackElo "2700"]
[Annotator "Krasenkow,M"]
[PlyCount "87"]
[EventDate "1997.10.18"]
[EventType "team-tourn"]
[EventRounds "15"]
[EventCountry "GER"]
[SourceTitle "CBM 062"]
[Source "ChessBase"]
[SourceDate "1998.01.31"]
[SourceVersion "1"]
[SourceVersionDate "1998.01.31"]
[SourceQuality "1"]
[WhiteTeam "Bochum"]
[BlackTeam "Dresden"]
[WhiteTeamCountry "GER"]
[BlackTeamCountry "GER"]

1. Nf3 Nf6 2. c4 g6 3. Nc3 Bg7 4. e4 d6 5. d4 O-O 6. h3 {The general
strategical idea of this system is to restrict Black's active possibilities on
both sides.} e5 7. d5 a5 8. Bg5 $1 {This is much stronger than an immediate 8.
Be3. White wants to provoke ...h7-h6 weakening the black kingside and
depriving the black bishop of the h6 square.} Na6 9. Nd2 c6 $146 10. Be2 h6 11.
Be3 Nd7 $5 {Black is starting an interesting plan: he strengthens his
queenside with the a5 pawn and a pair of knights and at the same time prepares
...f7-f5.} 12. g4 Ndc5 13. Nb3 (13. h4 f5 $1) 13... Bd7 (13... cxd5 14. cxd5
Qh4 {is premature in view of} 15. Nxa5 f5 16. Nc4 $1 $16) 14. Nxc5 Nxc5 15. h4
{[%cal Yh4h5] White's plan is h4-h5 forcing ...g6-g5 and then a queenside
attack (b2-b3,a2-a3,b3-b4 etc.). Therefore Black takes measures to defend his
queenside.} a4 $1 {[%cal Yd8a5]} 16. Qd2 {[%cal Re3h6]} cxd5 17. cxd5 Qa5 $2 {
[#] A tactical error. Black underestimates White's attacking possibilities
after the capture on h6.} (17... Kh7 18. h5 g5 $10) 18. Bxh6 $1 Bxh6 (18... a3
19. Bxg7 axb2 20. Rb1 Kxg7 21. Rxb2 Rfc8 22. h5 Na4 23. h6+ Kh8 24. Nxa4 Rc1+
25. Bd1 Bxg4 (25... Bxa4 26. Qxa5 Rxa5 27. Kd2) 26. O-O Qxd2 27. Rxd2 Rxd1 28.
Rfxd1 Bxd1 29. Nb6 Ra6 30. Nd7 $1 $16) 19. Qxh6 a3 20. b4 $1 Qxb4 21. Rc1 Rac8
$2 (21... Nxe4 $2 22. h5 g5 (22... Nxc3 23. hxg6 Nxe2+ 24. Kf1 Ng3+ 25. Kg2
Qe4+ 26. f3 Qe2+ 27. Kxg3 $18) 23. Bd3 f5 24. Bxe4 fxe4 25. Qg6+ Kh8 26. h6 Rg8
27. Qf6+ Kh7 28. Qe7+ Kh8 29. Qxd7 $18) (21... Na4 22. h5 g5 $8 23. Qxg5+ Kh7
24. Qd2 Rfc8 25. Rh3 Nxc3 26. Rhxc3 Rxc3 27. Rxc3 Qb1+ 28. Rc1 Qxe4 29. f3 $16
Qf4 $140 30. Qxf4 exf4 31. Rc7) (21... Rfc8 22. h5 Nd3+ 23. Bxd3 Rxc3 24. O-O
gxh5 (24... Rxd3 25. hxg6 fxg6 26. Qxg6+ Kf8 27. Rc7 $1 Rd8 28. Kg2 Rd2 29. Rh1
Rxf2+ 30. Kxf2 Qd2+ 31. Kg3 Qe3+ 32. Kh4 Qf2+ 33. Kh5 $1 Be8 34. Kh6 Bxg6 35.
Kxg6 $18) 25. Rb1 $1 Qa4 (25... Qd4 26. Qg5+ Kf8 27. Rxb7 $16) 26. Qd2 $1 Qd4 (
26... Rac8 27. Rxb7 hxg4 28. Qg5+ Kf8 29. Bb5 $1 Qxb5 30. Rxb5 Bxb5 31. Re1 $16
) 27. Qg5+ Kf8 28. Rxb7 $16 {[%csl Rf8]}) 22. h5 Nd3+ 23. Bxd3 Rxc3 24. O-O Be8
$8 {[%csl Rf8] As a consequence of the wrong rook move, the f8 rook is out of
play.} 25. Rfd1 $18 Qc5 26. Rxc3 $6 (26. Kg2 $18 {[%cal Yd1h1]}) 26... Qxc3 27.
Kg2 Qc7 {White had overlooked this defence; still his position is winning.} 28.
Rh1 f6 29. hxg6 Qg7 30. Qxg7+ Kxg7 31. Rh7+ Kxg6 32. Rxb7 $18 {_|_} Kg5 33. Rb8
Rg8 34. Kg3 Bf7 35. Rb7 Bg6 36. Ra7 Rb8 37. Rxa3 Rb2 38. f3 Rd2 39. Bf1 Rc2 (
39... Be8 $142) 40. Ra8 $1 {[%csl Rg6]} Rc3 41. Kf2 f5 (41... Kf4 42. Be2) 42.
gxf5 Bh5 43. Be2 Kf4 44. Rh8 1-0